Biblické písně op. 99

Bibliographic Details
Main Author: Dvořák, Antonín, 1841-1904 (Author)
Format: Book
Language:Undetermined
PhysicalDescription:38 s.
Published: Praha Supraphon 1989

MARC

LEADER 00000nam a2200000 a 4500
001 vtls001269894
003 SK-MaSNL
005 20260224020301.0
008 240318s1989 xx 0 und
035 |a SNK000220962 
040 |a SNK  |b slo  |c SNK  |e AACR2 
100 1 |a Dvořák, Antonín,  |d 1841-1904  |4 aut 
245 1 0 |a Biblické písně  |b op. 99 
260 |a Praha  |b Supraphon  |c 1989 
300 |a 38 s. 
958 |a OND 
999 |c 799232  |d 801162 
952 |t P60, <04>, [BOOK], {604}  |a SNK  |b SNK  |y VYP  |7 0  |p 17A0025841  |o snkHIB 13548 D1  |0 0  |1 0  |4 0  |d 1996-12-12  |l 0  |r 2005-01-01 00:00:00  |w 2026-02-24